Americae Mappa generalis Secundum legitimas projectionis stereographicae regulas, relationesque recentissimas et observationes sociorum Acad. reg. sc. quae Parisiis est aliorumque auctorum nec non secundum mentem D. I. M. Hasii M. P. P. in partes suas methodicas divisa nunc concinnata et delineata ab Aug. Gottl. Boehmio Phil. Magistro. /

Hlavní autor: Böhme, August Gottlob, 1719-1797
Další autoři: Hase, Johann Matthias, 1684-1742, Homann, Johann Baptist, 1663-1724
Jazyk: Latina
Vydáno: [Nürnberg] : Homannianis Heredibus, 1746
Témata:
Externí odkaz: Digitalizovaný dokument
Fyzický popis: 1 mapa : ručně kolorovaná mědirytina ; 46 x 52,5 cm na listu 52 x 60 cm
Mapy
Uloženo v:
LEADER 02296nem a22004332a 4500
001 mzk03001085293
003 CZ BrMZK
005 20151202091533.0
007 aj|ca|||
008 110118s1746 gw |||||||a|||r|0|||latod
034 1 |a a  |b 22200000  |d W1671004  |e E0174514  |f N0624026  |g S0571353 
040 |a BOA001  |b cze 
043 |a n------  |a s------ 
072 7 |a 912:904  |x Staré mapy  |2 Konspekt  |9 7 
080 |a (7+8)  |2 MRF 
080 |a (084.3)  |2 MRF 
100 1 |a Böhme, August Gottlob,  |d 1719-1797  |7 mzk2009528206  |4 aut 
245 1 0 |a Americae Mappa generalis  |h [kartografický dokument] :  |b Secundum legitimas projectionis stereographicae regulas, relationesque recentissimas et observationes sociorum Acad. reg. sc. quae Parisiis est aliorumque auctorum nec non secundum mentem D. I. M. Hasii M. P. P. in partes suas methodicas divisa nunc concinnata et delineata ab Aug. Gottl. Boehmio Phil. Magistro. /  |c In lucem proferentibus Homannianis Heredibus A. MDCCXXXXVI. 
255 |a Měřítko [ca 1:22 200 000]  |c (167°10´04" z.d.--017°45´14" v.d./062°40´26" s.š.--057°13´53" j.š.) 
260 |a [Nürnberg] :  |b Homannianis Heredibus,  |c 1746 
300 |a 1 mapa :  |b ručně kolorovaná mědirytina ;  |c 46 x 52,5 cm na listu 52 x 60 cm 
500 |a Na zadní straně rukopisný název: America 
500 |a U pravého okraje mapy matematické výpočty 
500 |a Výzdoba: V levém dolním rohu ozdobná nápisová kartuše doprovázená figurami, v mapovém rámci geografické souřadnice, souřadnicová síť 
510 3 |a IKAR 
590 |a Potrhaný obraz, roztrženo ve skladech na 4 díly 
655 7 |a historické mapy  |7 fd186723  |2 czenas 
651 7 |a Amerika  |7 ge129120  |2 czenas 
700 1 |a Hase, Johann Matthias,  |d 1684-1742  |7 mzk2007408525  |4 aut 
700 1 |a Homann, Johann Baptist,  |d 1663-1724  |7 mzk2006356133  |4 aut 
856 4 1 |u http://www.digitalniknihovna.cz/mzk/uuid/uuid:9364fb31-e5f8-47e8-8770-2a3dc98943c1  |y Digitalizovaný dokument 
903 |a RP 
910 |a BOA001  |b STMpa-1257.618 
978 |b Homann, Johann Baptista - dědici  |a Nürnberg  |c 1746 
984 |a Norimberk  |b Německo 
985 |a 1701-1750 
990 |a MP 
991 |k mzk 
996 6 |b 2610464997  |c STMpa-1257.618  |l stud. ST  |r Sklad / do násl. otevíracího dne  |n 0  |w 001165225  |u 000010  |a 1  |e BOA001  |s P